Central Library OPAC University of Rajshahi

মসনদ / (Record no. 48151)

MARC details
000 -LEADER
fixed length control field 00758nam a22002297a 4500
001 - CONTROL NUMBER
control field 48151
003 - CONTROL NUMBER IDENTIFIER
rucl marc code BD-RjUL
005 - DATE AND TIME OF LATEST TRANSACTION
control field 20211209054453.0
008 - FIXED-LENGTH DATA ELEMENTS--GENERAL INFORMATION
fixed length control field 160813s1961 bg ||||| |||| 00| 0 ben d
020 ## - INTERNATIONAL STANDARD BOOK NUMBER
Terms of availability : TK 1.50
035 ## - SYSTEM CONTROL NUMBER
System control number (BD-RjUL)48270
040 ## - CATALOGING SOURCE
Original cataloging agency BD-RjUL
Language of cataloging ben
Transcribing agency BD-RjUL
041 ## - LANGUAGE CODE
Language code of text/sound track or separate title ben
082 ## - DEWEY DECIMAL CLASSIFICATION NUMBER
Edition number 23
Classification number 891.442
Author mark and year MIB 1961
100 ## - MAIN ENTRY--PERSONAL NAME
Personal name মিয়া, বন্দে আলী
9 (RLIN) 118873
245 10 - TITLE STATEMENT
Title মসনদ /
Statement of responsibility, etc. বন্দে আলী মিয়া
260 ## - PUBLICATION, DISTRIBUTION, ETC. (IMPRINT)
Place of publication, distribution, etc. ঢাকা :
Name of publisher, distributor, etc. আহমদ পাবলিশিং,
Date of publication, distribution, etc. ১৯৬১ [১৩৬৮]
300 ## - PHYSICAL DESCRIPTION
Pagination ১১১ পৃ. ;
Size ১৭ সেমি.
650 ## - SUBJECT ADDED ENTRY--TOPICAL TERM
Topical term or geographic name as entry element বাংলা নাটক
9 (RLIN) 145893
Topical term or geographic name as entry element Bengali Drama
9 (RLIN) 145894
942 ## - ADDED ENTRY ELEMENTS (KOHA)
Source of classification or shelving scheme Dewey Decimal Classification
Koha item type Books
Holdings
Lost status Source of classification or shelving scheme Damaged status Not for loan Collection code Permanent Location Current Location Shelving location Date acquired Source of acquisition Cost, normal purchase price Total Checkouts Full call number Date last seen Copy number Koha item type
  Dewey Decimal Classification     Non-fiction Central Library, University of Rajshahi Central Library, University of Rajshahi   15/03/1963 Eureka Book Accademi 1.50   B 891.442 MIB 1961 13/08/2016 C-2 Books
  Dewey Decimal Classification     Non-fiction Central Library, University of Rajshahi Central Library, University of Rajshahi   15/03/1963 Eureka Book Accademi 1.50   B 891.442 MIB 1961 13/08/2016 C-3 Books